000 00522nam a2200145 a 4500
008 120416s1974 ||||||||||||||||| || u
050 _aHG 181 Rob
100 _aRobinson, Roland I
245 1 0 _aFinancial markets
246 _athe accumulation and allocation of wealth
260 _aNew York
_bMcGraw-Hill
_c1974
300 _aviii, 439p. : ill
350 _a0.00
995 _D0.00
_FCBU-MAIN LIBRARY (Kitwe)
_H1
_I13.10
_M1
_UAVAILABLE
_ZAnnex Low-Usage Collection
999 _c43404
_d43404